Normal view
MARC view
- Hough, Dan
Entry Personal Name
001 - CONTROL NUMBER
- control field: 106608
003 - CONTROL NUMBER IDENTIFIER
- control field: NUST
005 - DATE AND TIME OF LATEST TRANSACTION
- control field: 20230102125113.0
008 - FIXED-LENGTH DATA ELEMENTS
- fixed length control field: 230102|| aca||aabn | a|a d
040 ## - CATALOGING SOURCE
- Original cataloging agency: NUST
- Transcribing agency: NUST
100 ## - HEADING--PERSONAL NAME
- Personal name: Hough, Dan
670 ## - SOURCE DATA FOUND
- Source citation: Work cat.: (NUST)0: Hough, Dan, author., Corruption, anti-corruption and governance /
